FFPS (Fnaf6) Animatroniques - Statistiques

Statistiques générales
  • Ce quiz a été pris 22 fois
  • Le résultat moyen est 11 sur 16
Statistiques - réponses
Hint Réponse % Correct
Rockstar Rockstar Bonnie
100%
Rockstar Rockstar Chica
100%
Rockstar Rockstar Foxy
100%
Rockstar Rockstar Freddy
100%
Récupérable ScrapBaby
83%
Récupérable Lefty
78%
Récupérable Molten Freddy
78%
Récupérable ScrapTrap
78%
MediocreMelodies Mr. Hippo
72%
Mediocre Melodies Happy Frog
67%
Autre Funtime Chica
50%
Mediocre Melodies Nedd Bear
50%
Mediocre Melodies Pigpatch
50%
Autre Music Man
44%
MédiocreMelodies Orville Elephant
39%
Autre El Chip
33%
Aucun quiz correspondant
Distribution des résultats
% des personnes avec chaque résultat
Percentile par nombre de réponses
Votre historique - résultats
Vous n’avez pas pris ce quiz